000 00273nam a2200097Ia 4500
082 _a658.422 MAHO
245 0 _aHow to do board evaluations
100 _a Mahony, Pat Claremont, South Africa, 2012
_967652
942 _cBK
008 210817s9999 xx 000 0 und d
999 _c218232
_d218230